000 00450nam a2200145Ia 4500
008 150121s9999 xx 000 0 und d
020 _a2244-1263
245 _aStudent Engineer's PULSAR /
_h[electronic resource]
260 _bUniversity of the Immaculate Conception,
_c2013.
516 _aElectronic text
650 _aEngineering.
830 _aPhilippine E-Journals
856 _uhttp://www.ejournals.ph/index.php?journal=PULSAR
942 _cEJ
999 _c277082
_d277082